| 000 | 01356ngm a22003850a 4500 | ||
|---|---|---|---|
| 001 | PT14834 | ||
| 003 | AR-LpoUNG | ||
| 005 | 20210201235928.0 | ||
| 007 | vd cvaizq | ||
| 008 | 191001ss.f.||||ag |||||||||||||||||spa d | ||
| 037 | _c$10 | ||
| 040 |
_aAR-LpoUNG _bspa _cAR-LpoUNG _eaacr |
||
| 041 | _aspa | ||
| 044 | _aag | ||
| 082 | 0 | _a982.061 629sem | |
| 245 | 1 | 3 |
_aLa semana trágica : _b1919 |
| 260 |
_aBuenos Aires : _bBlackman, _cs.f.. |
||
| 300 | _aVHS (25 min.) : son., byn, col. | ||
| 520 | _aEl presente es un documental inédito sobre los sucesos de 1919, cuando los Talleres Metalúrgicos Vasena, en Parque de los Patricios, fueron el epicentro de una protesta. Allí en los primeros días de ese año los obreros pedían la reducción de la jornada laboral de once a ocho horas, descanso dominical, aumento de sueldos y que se dejaran sin efecto los despidos. La respuesta, encarnizada, no se hizo esperar. | ||
| 650 | 4 | _aANALISIS HISTORICO | |
| 650 | 4 | _aARGENTINA | |
| 650 | 4 | _aASPECTOS SOCIALES | |
| 650 | 4 | _aCONDICIONES DE TRABAJO | |
| 650 | 4 | _aCONFLICTOS LABORALES | |
| 650 | 4 | _aHISTORIA | |
| 650 | 4 | _aHORAS DE TRABAJO | |
| 650 | 4 | _aHUELGAS | |
| 650 | 4 | _aMOVIMIENTOS OBREROS | |
| 650 | 4 | _aTRABAJADORES | |
| 651 | 4 | _aArgentina | |
| 653 | _aDOCUMENTALES | ||
| 653 | _aVIDEOS | ||
| 905 | _a14834 | ||
| 942 | _cVIDEO | ||
| 999 |
_c53791 _d53791 |
||